000 02346nam0a2200361 4500
001 RU\NLR\BIBL_A\022624730
005 20251202112430.0
010 _a978-5-00231-165-1
_9150
021 _aRU
_bКН-П-25-043443
_9КН-П-25-4228
035 _a(NLR Aleph) 022624730
090 _a13496811
_c13496811
100 _a20250918d2025 u y0rusy50 ca
101 0 _arus
_deng
102 _aRU
105 _aac j 000yy
181 0 _ai3
_baxxe
182 0 _an
200 1 _aОрганизационно-методические основы организации метеорологических наблюдений
_eучебное пособие
_eдля магистров и бакалавров, обучающихся по профилю "Прикладная гидрометеорология"
_fВосканян К. Л., Саенко А. Г., Сероухова О. С.
_gМинистерство науки и высшего образования Российской Федерации, Федеральное государственное бюджетное образовательное учреждение высшего образования "Российский государственный гидрометеорологический университет" (РГГМУ)
203 _aТекст
_bвизуальный
_cнепосредственный
210 _aСанкт-Петербург
_cРГГМУ
_d2025
215 _a61 с.
_cил., портр., табл.
_d20
300 _aНа 59-61-й с. авт.: Восканян К. Л., Саенко А. Г., Сероухова О. С., кандидаты физ.-мат. наук, доценты
300 _aРез. на англ. яз.
320 _aБиблиогр.: с. 58
606 1 _aМетеорологические наблюдения
_jУчебные издания для высших учебных заведений
_91039537
_3RU\NLR\AUTH\6682150
686 1 _aД23в610я73
700 1 _aВосканян
_bК. Л.
_gКарина Левановна
701 1 _aСаенко
_bА. Г.
_gАлексей Геннадиевич
701 1 _aСероухова
_bО. С.
_gОльга Станиславовна
942 _cBOOK
980 _aNB